Central Library OPAC University of Rajshahi

حيرت زار / Ḥairat zār / (Record no. 83054)

MARC details
000 -LEADER
fixed length control field 00961nam a22001937a 4500
001 - CONTROL NUMBER
control field 83054
003 - CONTROL NUMBER IDENTIFIER
rucl marc code BD-RjUL
005 - DATE AND TIME OF LATEST TRANSACTION
control field 20240212113223.0
008 - FIXED-LENGTH DATA ELEMENTS--GENERAL INFORMATION
fixed length control field 240212s1956 p ||||| |||| 00| 0 urd d
035 ## - SYSTEM CONTROL NUMBER
System control number (BD-RjUL) 83054
040 ## - CATALOGING SOURCE
Original cataloging agency BD-RjUL
Language of cataloging eng
Transcribing agency BD-RjUL
041 ## - LANGUAGE CODE
Language code of text/sound track or separate title urd
082 ## - DEWEY DECIMAL CLASSIFICATION NUMBER
Edition number 23
Classification number 891.55109
Author mark and year ATH 1956
100 ## - MAIN ENTRY--PERSONAL NAME
Personal name عطا كاكوي, سيد شاه عطاء الرحمن ;; Atta Kakwi, Syed Shah Attaur Rahman
9 (RLIN) 11662
245 10 - TITLE STATEMENT
Title حيرت زار / Ḥairat zār /
Statement of responsibility, etc. Authors:ميرزا عبد القادر بيدل ؛ حالات زندگي، كلام پر نقد و نظر، اور انتخاب كلام مرتبه، سيد شاه عطاء الرحمن عطا كاكوي.,., ،. / Mirzā ʻAbdulqādir Bedil ; ḥālāt-i zindagī, kalām par naqd o naẓar, aur intik̲h̲āb-i kalām murattabah, Sayyid Shāh ʻAt̤āʼurraḥmān ʻAt̤ā Kākvī.,
260 ## - PUBLICATION, DISTRIBUTION, ETC. (IMPRINT)
Place of publication, distribution, etc. Patna :
Name of publisher, distributor, etc. Ayan e Urdu ,
Date of publication, distribution, etc. 1956
300 ## - PHYSICAL DESCRIPTION
Pagination 93 p. ;
Size 18 cm
942 ## - ADDED ENTRY ELEMENTS (KOHA)
Source of classification or shelving scheme Dewey Decimal Classification
Koha item type Books
Holdings
Lost status Source of classification or shelving scheme Damaged status Not for loan Permanent Location Current Location Date acquired Total Checkouts Full call number Date last seen Copy number Koha item type
  Dewey Decimal Classification     Central Library, University of Rajshahi Central Library, University of Rajshahi 12/02/2024   F 891.55109 ATH 1956 12/02/2024 C-1 Books